Les structures anthropologiques de l´ imaginare: Introducción a l arcbétypologie générale /

Shranjeno v:
Bibliografske podrobnosti
Glavni avtor: Durand, Gilbert
Format: Neznan
Jezik:French
Izdano: Paris, Francia: Bordas, 1971
Serija:Colección Bordas etudes. Philosophie 14
Teme:
Oznake: Označite
Brez oznak, prvi označite!

MARC

LEADER 000000000a22000000004500
001 001091
008 170623b fr ||||| |||| 00| 0 fre d
020 |a 2040080015 
041 0 |a Francés 
082 |a 291.13  |b D948s 
100 1 |a Durand, Gilbert 
245 1 4 |a Les structures anthropologiques de l´ imaginare:   |b Introducción a l arcbétypologie générale /  |c Gilbert Durand 
260 |a Paris, Francia:   |b Bordas,   |c 1971 
300 |a 550 páginas 
490 1 |a Colección Bordas etudes. Philosophie  |v 14 
500 |a Número de inscripción 13123 (Colección George Yúdice) 
650 4 |a MITOLOGIA 
942 |2 ddc  |c BK 
999 |c 2209  |d 2209